Datos y apuntes sobre los sefardíes / (Record no. 60932)

MARC details
000 -LEADER
campo de control de longitud fija 00476nam a2200169 i 4500
001 - NÚMERO DE CONTROL
campo de control 60932
003 - IDENTIFICADOR DE NÚMERO DE CONTROL
campo de control ES-MaACL
005 - FECHA Y HORA DE LA ÚLTIMA TRANSACCIÓN
campo de control 20230906164332.0
007 - CAMPO FIJO DE DESCRIPCIÓN FÍSICA--INFORMACIÓN GENERAL
campo de control de longitud fija t|
008 - DATOS DE LONGITUD FIJA--INFORMACIÓN GENERAL
campo de control de longitud fija 031107s1959 sp ||||1| spa d
100 1# - ENTRADA PRINCIPAL--NOMBRE DE PERSONA
Nombre de persona Estrugo, José M.
9 (RLIN) 48262
245 10 - MENCIÓN DEL TÍTULO
Título Datos y apuntes sobre los sefardíes /
Mención de responsabilidad, etc. José M. Estrugo.
260 ## - PUBLICACIÓN, DISTRIBUCIÓN, ETC.
Lugar de publicación, distribución, etc. Madrid :
Nombre del editor, distribuidor, etc. [s.n.],
Fecha de publicación, distribución, etc. 1959 (
Fabricante C. Bermejo)
300 ## - DESCRIPCIÓN FÍSICA
Extensión 54 p. ;
Dimensiones 25 cm.
650 04 - PUNTO DE ACCESO ADICIONAL DE MATERIA--TÉRMINO DE MATERIA
Término de materia o nombre geográfico como elemento de entrada Sefardíes.
9 (RLIN) 17011
852 ## - LOCALIZACIÓN
Ubicación ES-MaACL
Número de control de estantería C-18377
Sublocalización o colección R.44979
Holdings
Estatus retirado Estado de pérdida Estado de daño No para préstamo Biblioteca de origen Biblioteca actual Ubicación en estantería Fecha de adquisición Fuente de adquisición Total de préstamos Signatura topográfica completa Código de barras Visto por última vez Precio de reemplazo Tipo de ítem Koha
        Biblioteca del Ateneo de Madrid Biblioteca del Ateneo de Madrid Galería 17/01/2008     C-18377 1063898 23/02/2023 23/02/2023 Libro impreso